Vykazovanie MD a RD na evidenčnom liste dôchodkového poistenia

Významné legislatívne zmeny, ktoré mali dopad na vykazovanie údajov na Evidenčnom liste dôchodkového poistenia nastali k 1.6.2022 a k 1.1.2023. V nadväznosti na novelu č. 210/2023 Z. z. zákona č. 461/2003 Z. z. o sociálnom poistení, ktorá nadobúda účinnosť dňa 1.1.2024 a ktorá opätovne mení právnu ú...

Ausführliche Beschreibung

Gespeichert in:
Bibliographische Detailangaben
1. Verfasser: Matlovičová, Iveta
Format: Buchkapitel
Sprache:Slowakisch
Schlagworte:
Tags: Tag hinzufügen
Keine Tags, Fügen Sie das erste Tag hinzu!

MARC

LEADER 00000naa a2200000 4500
001 0299180
005 20240417075303.9
041 0 |a slo 
044 |a SK 
245 1 0 |a Vykazovanie MD a RD na evidenčnom liste dôchodkového poistenia  |c Iveta Matlovičová 
520 |a Významné legislatívne zmeny, ktoré mali dopad na vykazovanie údajov na Evidenčnom liste dôchodkového poistenia nastali k 1.6.2022 a k 1.1.2023. V nadväznosti na novelu č. 210/2023 Z. z. zákona č. 461/2003 Z. z. o sociálnom poistení, ktorá nadobúda účinnosť dňa 1.1.2024 a ktorá opätovne mení právnu úpravu vylúčenia povinnosti platiť poistné, nastávajú ďalšie zmeny s dopadom na vykazovanie údajov na Evidenčnom liste dôchodkového poistenia. O aké novinky ide? 
610 2 0 |a poistenie dôchodkové 
610 2 0 |a dovolenka materská 
610 2 0 |a dovolenka rodičovská 
610 2 0 |a poistné 
610 2 0 |a zamestnanci 
610 2 0 |a poistenie povinné 
610 2 0 |a zákony 
610 2 0 |a legislatíva 
100 1 |a Matlovičová, Iveta